Marques de voitures #5 - Statistiques

Statistiques générales
  • Ce quiz a été pris 910 fois
  • Le résultat moyen est 6 sur 7
Réponses sur la Carte
Les réponses sont colorées sur une échelle allant du rouge au vert en fonction du pourcentage des utilisateurs qui les ont devinées à leur premier essai. Vous pouvez retrouver ces pourcentages ci-dessous.
 
Statistiques - réponses
Réponse % Correct
Honda
92%
Aston Martin
91%
Lamborghini
90%
Volvo
89%
Daewoo
87%
Porsche
87%
Hummer
85%
Aucun quiz correspondant
Distribution des résultats
% des personnes avec chaque résultat
Percentile par nombre de réponses
Votre historique - résultats
Vous n’avez pas pris ce quiz